| Поле | Инд. | ПП | Название | Значение |
|---|---|---|---|---|
| Тип записи | a | |||
| Библиографический уровень | m | |||
| 001 | Контрольный номер | 1f955a526e3d4e3ebc467195b05a3544 | ||
| 005 | Дата корректировки | 20210217120848.4 | ||
| 024 | 80 | a | Стандартный номер | 10.01.10 |
| 040 | a | Служба первич. каталог. | НБ ТвГУ | |
| b | Код языка каталог. | rus | ||
| e | Правила каталог. | PSBO | ||
| 041 | 0_ | a | Код языка текста | rus |
| 080 | a | Индекс УДК | 316.77:070(043.3) | |
| 084 | a | Индекс другой классификации/Индекс ББК | Ч600.00я031 | |
| 084 | a | Индекс другой классификации/Индекс ББК | С524.224.022я031 | |
| 090 | a | Полочн. индекс | Ч600 | |
| x | Авторский знак | И 20 | ||
| 097 | b | Оператор | Semenova.ZR | |
| 100 | 1_ | a | Автор | Иванова Елена Олеговна |
| e | Роль лиц | Автор | ||
| 245 | 10 | a | Заглавие | Этнокультурный дискурс в русскоязычных СМИ Германии: тематические и коммуникативные характеристики |
| b | Продолж. заглавия | диссертация ... кандидата филологических наук : 10.01.10 - журналистика (филологические науки) | ||
| c | Ответственность | Иванова Елена Олеговна ; научный руководитель О. Н. Савинова ; Национальный исследовательский Нижегородский государственный университет им. Н. И. Лобачевского | ||
| 260 | c | Дата издания | 2019 | |
| a | Место издания | Нижний-Новгород | ||
| b | Издательство | б. и. | ||
| 300 | a | Объем | 176 с. | |
| b | Иллюстрации/ тип воспроизводства | ил. | ||
| 500 | a | Примечание | На правах рукописи | |
| 502 | a | Примечание о диссертации | Защищена 16.03.2020 | |
| 653 | 0_ | a | Ключевые слова | Русскоязычные СМИ в Германии |
| a | Ключевые слова | Межэтнические диалоги | ||
| a | Ключевые слова | Мультикультурность | ||
| a | Ключевые слова | Германия | ||
| a | Ключевые слова | СМИ в Германии | ||
| a | Ключевые слова | Этнокультурные СМИ | ||
| a | Ключевые слова | Массовая коммуникация | ||
| a | Ключевые слова | Средства массовой информации | ||
| a | Ключевые слова | СМИ этнических меньшинств | ||
| a | Ключевые слова | Печатные русскоязычные издания в Германии | ||
| a | Ключевые слова | Роль СМИ в межкультурной коммуникации | ||
| a | Ключевые слова | Диссертации | ||
| 700 | 12 | a | Другие авторы | Савинова Ольга Николаевна |
| e | Роль лиц | Научный руководитель | ||
| 700 | 12 | a | Другие авторы | Вороненкова Галина Федоровна |
| e | Роль лиц | Оппонент | ||
| 700 | 12 | a | Другие авторы | Смолярова Анна Сергеевна |
| e | Роль лиц | Оппонент | ||
| 710 | 12 | a | Организация/ юрисдикция | Национальный исследовательский Нижегородский государственный университет им. Н. И. Лобачевского |
| e | Роль коллектива | место выполнения работы | ||
| 710 | 12 | a | Организация/ юрисдикция | Северо-Кавказский федеральный университет |
| e | Роль коллектива | ведущая организация | ||
| 710 | 12 | a | Организация/ юрисдикция | Тверской государственный университет |
| e | Роль коллектива | место защиты | ||
| 901 | t | Тип документа | d | |
| 920 | a | Оператор | Семен | |
| a | Оператор | Суха | ||
| a | Оператор | Стро | ||
| 930 | a | Новая/Ретро | новая | |
| 952 | c | Вид литературы | Дис н | |
| 954 | b | Дата поступления в ОК | 20210205 | |
| a | Дата поступления на обработку | 20210208 | ||
| c | Дата окончания ОНО | 20210217 |